UEFA Champions League Finals in order - Statistics

General Stats
  • This quiz has been taken 223 times
  • The average score is 85 of 210
Answer Stats
Hint Winner - Runner-up - Location % Correct
2025 Paris Saint-Germain
89%
2025 Inter
84%
2024 Real Madrid
84%
2023 Manchester City
83%
2017 Real Madrid
82%
2018 Real Madrid
82%
2021 Chelsea
81%
2014 Real Madrid
81%
2016 Real Madrid
81%
2022 Real Madrid
81%
2015 Barcelona
80%
2020 Bayern Munich
80%
2019 Liverpool
80%
2011 Barcelona
79%
2013 Bayern Munich
79%
2012 Chelsea
79%
2009 Barcelona
76%
2023 Inter
76%
2005 Liverpool
76%
2006 Barcelona
75%
1956 Real Madrid
75%
2010 Inter
74%
2008 Manchester United
74%
2007 Milan
74%
2020 Paris Saint-Germain
74%
2019 Tottenham Hotspur
74%
2017 Juventus
73%
2021 Manchester City
73%
2005 Milan
73%
2012 Bayern Munich
72%
2018 Liverpool
72%
2022 Liverpool
72%
2004 Porto
72%
2014 Atlético de Madrid
71%
2016 Atlético de Madrid
71%
2024 Borussia Dortmund
71%
2009 Manchester United
70%
2013 Borussia Dortmund
69%
2015 Juventus
69%
2008 Chelsea
68%
2007 Liverpool
68%
2011 Manchester United
67%
2006 Arsenal
66%
2003 Milan
66%
2002 Real Madrid
66%
1957 Real Madrid
65%
1999 Manchester United
64%
1958 Real Madrid
63%
1959 Real Madrid
62%
1960 Real Madrid
61%
2010 Bayern Munich
60%
2000 Real Madrid
60%
1999 Bayern Munich
58%
2001 Bayern Munich
58%
1997 Borussia Dortmund
58%
2004 Monaco
57%
2005 Atatürk Olympic Stadium, İstanbul
55%
1993 Olympique Marseille
54%
1996 Juventus
53%
2012 Allianz Arena, Munich
52%
1961 Benfica
52%
1998 Real Madrid
52%
2013 Wembley Stadium, London
51%
2002 Bayer Leverkusen
50%
2003 Juventus
50%
1994 Milan
50%
1995 Ajax
48%
1962 Benfica
48%
2025 Allianz Arena, Munich
47%
1992 Barcelona
47%
1979 Nottingham Forest
47%
1980 Nottingham Forest
47%
1972 Ajax
46%
1997 Juventus
46%
1971 Ajax
45%
1973 Ajax
45%
1975 Bayern Munich
45%
1978 Liverpool
45%
2008 Luzhniki Stadium, Moscow
45%
1963 Milan
45%
1982 Aston Villa
44%
1967 Celtic
44%
1977 Liverpool
44%
1981 Liverpool
44%
2024 Wembley Stadium, London
44%
2023 Atatürk Olympic Stadium, İstanbul
43%
1974 Bayern Munich
43%
1976 Bayern Munich
43%
1964 Inter
43%
2011 Wembley Stadium, London
43%
1984 Liverpool
42%
1968 Manchester United
42%
1991 Red Star
42%
1965 Inter
41%
1988 PSV Eindhoven
41%
1966 Real Madrid
41%
2000 Valencia
41%
2001 Valencia
41%
2020 Estádio da Luz, Lisbon
40%
2019 Estadio Metropolitano, Madrid
40%
1970 Feyenoord
40%
1985 Juventus
40%
1989 Milan
40%
2022 Stade de France, Paris
40%
1990 Milan
39%
1986 Steaua Bucharest
39%
1983 Hamburger
38%
1994 Barcelona
37%
1999 Camp Nou, Barcelona
37%
1995 Milan
37%
1956 Reims
37%
1998 Juventus
36%
1969 Milan
36%
1996 Ajax
35%
2015 Olympiastadion, Berlin
35%
2009 Stadio Olimpico, Rome
35%
2014 Estádio da Luz, Lisbon
34%
1993 Milan
34%
2017 Millennium Stadium, Cardiff
34%
2010 Santiago Bernabéu, Madrid
34%
1985 Liverpool
33%
2016 San Siro, Milan
33%
2007 Olympic Stadium, Athens
31%
2006 Stade de France, Paris
31%
1987 Porto
30%
1986 Barcelona
29%
2021 Estádio do Dragão, Porto
29%
2018 Olympic Stadium, Kyiv
29%
1962 Real Madrid
29%
1992 Sampdoria
29%
1968 Benfica
28%
1960 Eintracht Frankfurt
27%
1967 Inter
27%
1982 Bayern Munich
26%
2002 Hampden Park, Glasgow
26%
2003 Old Trafford, Manchester
26%
1981 Real Madrid
26%
1958 Milan
25%
1956 Parc des Princes, Paris
25%
1964 Real Madrid
25%
1961 Barcelona
24%
1963 Benfica
24%
1985 Heysel Stadium, Brussels
24%
1991 Olympique Marseille
24%
1959 Reims
24%
1987 Bayern Munich
23%
1983 Juventus
23%
1984 Roma
23%
1992 Wembley Stadium, London
23%
2001 San Siro, Milan
22%
1979 Malmö
21%
1974 Atlético de Madrid
20%
1965 Benfica
20%
1977 Borussia Mönchengladbach
20%
1957 Fiorentina
20%
1980 Hamburger
20%
1957 Santiago Bernabéu, Madrid
20%
2000 Stade de France, Paris
20%
1968 Wembley Stadium, London
20%
1972 Inter
19%
1973 Juventus
19%
1997 Olympiastadion, Munich
19%
1984 Stadio Olimpico, Rome
19%
1975 Leeds United
18%
1978 Wembley Stadium, London
18%
1998 Amsterdam Arena, Amsterdam
17%
1960 Hampden Park, Glasgow
17%
1993 Olympiastadion, Munich
17%
1981 Parc des Princes, Paris
17%
1980 Santiago Bernabéu, Madrid
17%
1988 Benfica
16%
1990 Benfica
16%
1967 Estádio Nacional, Lisbon
16%
1965 San Siro, Milan
16%
1970 San Siro, Milan
16%
1969 Santiago Bernabéu, Madrid
16%
1963 Wembley Stadium, London
16%
1969 Ajax
15%
1989 Camp Nou, Barcelona
15%
1978 Club Brugge
15%
1975 Parc des Princes, Paris
15%
1977 Stadio Olimpico, Rome
15%
1996 Stadio Olimpico, Rome
15%
2004 Arena AufSchalke, Gelsenkirchen
14%
1970 Celtic
14%
1979 Olympiastadion, Munich
14%
1994 Olympic Stadium, Athens
14%
1989 Steaua Bucharest
14%
1971 Wembley Stadium, London
14%
1971 Panathinaikos
13%
1976 Saint-Etienne
13%
1995 Ernst-Happel-Stadion, Vienna
12%
1958 Heysel Stadium, Brussels
12%
1962 Olympisch Stadion, Amsterdam
12%
1991 Stadio San Nicola, Bari
12%
1966 Heysel Stadium, Brussels
10%
1974 Heysel Stadium, Brussels
10%
1983 Olympic Stadium, Athens
10%
1966 Partizan
10%
1990 Praterstadion, Vienna
10%
1986 Ramón Sánchez Pizjuán, Seville
10%
1982 De Kuip, Rotterdam
9%
1976 Hampden Park, Glasgow
9%
1964 Praterstadion, Vienna
9%
1972 De Kuip, Rotterdam
8%
1987 Praterstadion, Vienna
8%
1961 Wankdorf Stadium, Bern
8%
1959 Neckarstadion, Stuttgart
7%
1973 Red Star Stadium, Belgrade
7%
1988 Neckarstadion, Stuttgart
5%
No matching quizzes found
Score Distribution
Percent of People with Each Score
Percentile by Number Answered
Your Score History
You have not taken this quiz